TOP-manažment Slovnaftu, a.s., na Fakulte podnikového manažmentu EU

Salvato in:
Dettagli Bibliografici
Autore principale: Šúbertová, Elena
Natura: Capitolo di libro
Lingua:slovacco
Tags: Aggiungi Tag
Nessun Tag, puoi essere il primo ad aggiungerne!!

MARC

LEADER 00000naa$a2200000$$$4500
001 0061013
005 20240502071700.2
041 0 |a slo 
044 |a SK 
245 1 0 |a TOP-manažment Slovnaftu, a.s., na Fakulte podnikového manažmentu EU  |c Elena Šúbertová 
100 1 |a Šúbertová, Elena